О возможности получения ячеистых бетонов с использованием нефелинового шлама; Проблемы геологии и освоения недр

Opis bibliograficzny
Parent link:Проблемы геологии и освоения недр.— 2004.— С. 848-850
1. autor: Антипина С. А. Светлана Анатольевна
Kolejni autorzy: Ильинская О. Е. (научный руководитель), Смиренская В. Н.
Język:rosyjski
Wydane: 2004
Hasła przedmiotowe:
Format: Rozdział
KOHA link:https://koha.lib.tpu.ru/cgi-bin/koha/opac-detail.pl?biblionumber=213485

MARC

LEADER 00000naa2a2200000 4500
001 213485
005 20231031193126.0
035 |a (RuTPU)RU\TPU\book\233281 
090 |a 213485 
100 |a 20120411d2004 k y0rusy50 ca 
101 0 |a rus 
102 |a RU 
200 1 |a О возможности получения ячеистых бетонов с использованием нефелинового шлама   |f С. А. Антипина, О. Е. Ильинская  |g науч. рук. В. Н. Смиренская 
463 0 |0 (RuTPU)RU\TPU\book\77451  |y 5-89503-079-3  |t Проблемы геологии и освоения недр  |o труды Восьмого Международного симпозиума имени ак. М. А. Усова студентов и молодых ученых, посвященного 400-летию г. Томска, 5-9 апреля 2004 г., Томск  |f Администрация г. Томска; Томский политехнический университет  |v С. 848-850  |d 2004  |p 913 с. 
610 1 |a бетон 
610 1 |a ячеистый бетон 
610 1 |a нефелины 
610 1 |a шлам 
610 1 |a физико-механические свойства 
610 1 |a химический состав 
610 1 |a труды учёных ТПУ 
700 1 |a Антипина  |b С. А.  |c российский ученый, специалист в области технологии силикатов и наноматериалов  |c старший преподаватель Томского политехнического университета, кандидат технических наук  |f 1980-  |g Светлана Анатольевна  |2 stltpush  |3 (RuTPU)RU\TPU\pers\25603 
701 1 |a Ильинская  |b О. Е. 
702 1 |a Смиренская  |b В. Н.  |4 727 
801 1 |a RU  |b 63413507  |c 20120411 
942 |c BK